Sistema de abastecimiento de agua potable para la comunidad El Ciprés, municipio de Waslala, departamento de RACCN
El presente estudio es una propuesta de Diseño de Mini Acueducto por Gravedad (MAG), en la comunidad El Ciprés, municipio de Waslala, departamento de RACCN, tiene como objetivo solucionar la necesidad del agua potable que sufre la comunidad. Esta comunidad es de 354 habitantes y no tiene ningún s...
| Main Authors: | , , |
|---|---|
| Other Authors: | |
| Format: | Tesis Section = Libro |
| Language: | Undetermined Spanish |
| Published: |
Managua
UNI
2022
|
| Subjects: |
| LEADER | 01283nam a2200289Ia 4500 | ||
|---|---|---|---|
| 008 | 240830s9999 xx 000 0 und d | ||
| 040 | |a BIBLIOTECA-RUPAP/ Mon 628.72 B272 | ||
| 041 | |a spa | ||
| 082 | |a Mon 628.72 B272 | ||
| 100 | 1 | |a Barrera Calderón, Leibniz Jordy | |
| 100 | 1 | |b Gámez Lanuza, Danis Mauricio | |
| 100 | 1 | |c Martínez Guevara, José Francisco | |
| 245 | 1 | 0 | |a Sistema de abastecimiento de agua potable para la comunidad El Ciprés, municipio de Waslala, departamento de RACCN |
| 260 | |a Managua |b UNI |c 2022 | ||
| 300 | |a 83 p. :il. | ||
| 500 | |a Contiene: anexos y CD. | ||
| 502 | |a Tesis (Ingeniero Civil) - UNI, 2022. | ||
| 520 | 3 | |a El presente estudio es una propuesta de Diseño de Mini Acueducto por Gravedad (MAG), en la comunidad El Ciprés, municipio de Waslala, departamento de RACCN, tiene como objetivo solucionar la necesidad del agua potable que sufre la comunidad. Esta comunidad es de 354 habitantes y no tiene ningún sistema de agua potable que se haya instalado en el pasado. | |
| 650 | 7 | |a AGUA POTABLE | |
| 650 | 7 | |b ABASTECIMIENTO DE AGUA | |
| 650 | 7 | |c CALIDAD DEL AGUA | |
| 650 | 7 | |d ACUEDUCTOS | |
| 650 | 7 | |e CONSUMO DE AGUA | |
| 700 | 1 | |a Tutor: |b Fajardo González, Ricardo Javier | |
| 942 | |c BK |2 ddc | ||
| 991 | |a Tesis | ||
| 999 | |c 27684 | ||